| Tag |
First Indicator |
Second Indicator |
Subfields |
| LEADER |
00000cam a2200000 a 4500 |
| 001 |
in00000028122 |
| 005 |
20151007060003.0 |
| 008 |
871204s1987 vaua b 10010 eng |
| 010 |
|
|
|a 87208255
|
| 020 |
|
|
|a 087353249X (pbk.)
|
| 035 |
|
|
|a (OCoLC)18192221
|
| 035 |
|
|
|9 AAB9813AM
|
| 040 |
|
|
|a DLC
|c DLC
|d TXA
|d UtOrBLW
|
| 049 |
|
|
|a TXAM
|c [A11672215]
|
| 050 |
0 |
0 |
|a QA11.A1
|b U27 1985
|
| 082 |
0 |
|
|a 510/.7
|2 19
|
| 111 |
2 |
|
|a UCSMP International Conference on Mathematics Education
|d (1985 :
|c University of Chicago)
|
| 245 |
1 |
0 |
|a Developments in school mathematics education around the world :
|b applications-oriented curricula and technology-supported learning for all students : proceedings of the UCSMP International Conference on Mathematics Education, the University of Chicago, 28-30 March 1985 /
|c edited by Izaak Wirszup and Robert Streit.
|
| 264 |
|
1 |
|a Reston, VA :
|b National Council of Teachers of Mathematics,
|c [1987]
|
| 264 |
|
4 |
|c ©1987
|
| 300 |
|
|
|a x, 725 pages :
|b illustrations ;
|c 28 cm.
|
| 336 |
|
|
|a text
|b txt
|2 rdacontent
|
| 337 |
|
|
|a unmediated
|b n
|2 rdamedia
|
| 338 |
|
|
|a volume
|b nc
|2 rdacarrier
|
| 500 |
|
|
|a At head of title: University of Chicago School Mathematics Project.
|
| 504 |
|
|
|a Includes bibliographies.
|
| 650 |
|
0 |
|a Mathematics
|x Study and teaching
|v Congresses.
|
| 700 |
1 |
|
|a Wirszup, Izaak,
|d 1915-
|
| 700 |
1 |
|
|a Streit, Robert.
|
| 710 |
2 |
|
|a University of Chicago.
|b School Mathematics Project.
|
| 999 |
|
|
|a MARS
|
| 999 |
f |
f |
|s 380f2487-f5be-3b3a-90fb-4dcaa67299a0
|i 56a97f69-c85e-3a71-8299-94b342e61885
|t 0
|
| 952 |
f |
f |
|p ric
|a Texas A&M University
|b Rellis Campus
|c Joint Library Facility
|d Remote Storage
|t 0
|e QA11.A1 U27 1985
|h Library of Congress classification
|i unmediated -- volume
|m A14811672215
|
| 998 |
f |
f |
|a QA11.A1 U27 1985
|t 0
|l Remote Storage
|